000 01475cad a22002775a 4500
001 L137577
008 070417e20070404xxkdo f f000 0 eng d
035 _a(Sirsi) u137577
041 0 _aeng
050 0 4 _a333.7911 $2 18
110 1 _aUnited Kingdom
_bDepartment for Communities and Local Government
_94939
245 0 0 _aDomestic installation of microgeneration equipment
_bfinal report from a review of the related Permitted Development Regulations
_h[electronic resource]
260 _aLondon
_bDCLG
_c2007
520 _aReviews the operation of the development orders surrounding permitted development rights for householders to install microgeneration equipment within the curtilage of a dwelling house. Considers the provisions of the Town and Country Planning (General Permitted Development) Order 1995 (SI 1995/418) and makes recommendations for improving these provisions, their ease of use and consistency of interpretation by all users.
590 _aKA NTK
650 2 4 _aSUSTAINABLE DEVELOPMENT
650 2 4 _aTOWN AND COUNTRY PLANNING (GENERAL PERMITTED DEVELOPMENT) ORDER 1995
650 2 4 _aSOLAR POWER
650 2 4 _aWIND POWER
650 2 4 _aBIOMASS
650 2 4 _aCOMBINED HEAT AND POWER
651 4 _aUnited Kingdom
_y
690 _aENVIRONMENTAL AND LAND CONSULTANCY-ENERGY-ENERGY USE-ENERGY CONSERVATION
856 4 0 _uhttps://www.communities.gov.uk/index.asp?id=1504866
_zView the item free of charge at www.communities.gov.uk...
942 _n0
999 _c106832
_d106832